| 000 | 01204nam a22002774a 4500 | ||
|---|---|---|---|
| 001 | UTEA | ||
| 005 | 20240914013634.0 | ||
| 006 | g||||gr||||||01 nz | ||
| 007 | ta | ||
| 008 | 200206b pe ||||| |||| 00| 0 spa d | ||
| 020 | _a9789587784626 | ||
| 040 | _aUTEA | ||
| 041 | _aspa | ||
| 082 |
_a658.7 _bC1 2019 |
||
| 100 |
_aTundidor, Alberto _eAutor |
||
| 245 |
_aCadena de Suministro 4.0 _b: beneficios y retos de las tecnologías disruptivas _h[Impreso] |
||
| 246 | _cAlberto,Tundidor | ||
| 250 | _a1a. edición : | ||
| 260 |
_aBogotà, _bAlfaomega, _c2019 |
||
| 300 |
_a127 pàginas _c20 cm |
||
| 505 | _aLa cadena de suministro y las tecnologías disruptivas -- Impresoras 3D : cambios en el mercado mundial de recambios -- El vehículo autónomo y eléctrico -- La realidad aumentada irrumpe en la industria 4.0 -- Gestión de la información 4.0 -- Modelos de organización humana en la cadena de suministro 4.0 | ||
| 650 |
_aLa realidad aumentada irrumpe en la industria 4.0 _944698 |
||
| 650 |
_aModelos de organización humana en la cadena de suministro 4.0 _944699 |
||
| 650 |
_aGestión de la información 4.0 _944700 |
||
| 942 |
_cBK _e2024-09-13 _2ddc _zLizbeth Cañari Quispe |
||
| 999 |
_c14918 _d14918 |
||